[Event "G7, gruppe 2"]
[Site "Skorping"]
[Date "2017.04.15"]
[Round "5"]
[White "Johansen, Johnny Holler"]
[Black "Larsen, Henning"]
[Result "1/2-1/2"]
[WhiteElo "1880"]
[BlackElo "1934"]
[PlyCount "92"]
[EventDate "2017.04.11"]

1. Nf3 c5 2. g3 Nc6 3. Bg2 g6 4. O-O Bg7 5. c4 d6 6. Nc3 Nf6 7. d4 cxd4 8. Nxd4
Bd7 9. Nc2 O-O 10. e4 Qc8 11. Ne3 Re8 12. Rb1 Bh3 13. Ned5 Bxg2 14. Kxg2 Ne5
15. b3 Ned7 16. Qe2 b6 17. Be3 Qb7 18. f3 Nxd5 19. Nxd5 Nf6 20. Rbd1 Rad8 21.
Bg5 Nxd5 22. Rxd5 h6 23. Be3 e6 24. Rd3 Rd7 25. Qd2 d5 26. Rd1 Red8 27. cxd5
exd5 28. exd5 Rc8 29. Bxh6 Rdc7 30. Qf4 Rc2+ 31. R1d2 Qa6 32. Rxc2 Rxc2+ 33.
Rd2 Bxh6 34. Qxh6 Qxa2 35. Rxc2 Qxc2+ 36. Kh3 Qf5+ 37. Kg2 Qc2+ 38. Kh3 Qf5+
39. Kg2 Qxd5 40. Qe3 Qc6 41. h4 a5 42. g4 b5 43. h5 gxh5 44. gxh5 a4 45. bxa4
bxa4 46. Qg5+ Kh7 1/2-1/2

[Event "G7, gruppe 2"]
[Site "Skorping"]
[Date "2017.04.15"]
[Round "5"]
[White "Rasmussen, Henning"]
[Black "Rasmussen, Johnny Koust"]
[Result "1/2-1/2"]
[WhiteElo "1784"]
[BlackElo "1867"]
[PlyCount "43"]
[EventDate "2017.04.11"]

1. f4 g6 2. Nf3 Bg7 3. g3 c5 4. e4 Nc6 5. d3 e6 6. Bg2 Nge7 7. c3 d6 8. O-O O-O
9. Be3 Rb8 10. d4 cxd4 11. Nxd4 a6 12. Nxc6 bxc6 13. Qd2 d5 14. Na3 Qc7 15.
Rab1 Bb7 16. b4 Rfd8 17. Qf2 Ba8 18. Bd4 Bxd4 19. cxd4 dxe4 20. Bxe4 Nd5 21.
Bxd5 cxd5 22. Rfc1 1/2-1/2

[Event "G7, gruppe 2"]
[Site "Skorping"]
[Date "2017.04.15"]
[Round "5"]
[White "Gottschalck, Christian"]
[Black "Johansen, Kjeld"]
[Result "0-1"]
[WhiteElo "1725"]
[BlackElo "1757"]
[PlyCount "44"]
[EventDate "2017.04.11"]

1. e4 c5 2. c3 d6 3. d4 cxd4 4. cxd4 Nf6 5. Nc3 g6 6. Be2 Bg7 7. Nf3 O-O 8. h3
a6 9. Be3 b5 10. e5 Ne8 11. O-O Bb7 12. a3 Nd7 13. Bf4 Qb6 14. Rc1 Rd8 15. Re1
dxe5 16. Be3 Bxf3 17. Bxf3 exd4 18. Nd5 Qd6 19. Bg5 Ne5 20. Nxe7+ Kh8 21. Bd5
f6 22. Rxe5 Qxe5 0-1

[Event "G7, gruppe 2"]
[Site "Skorping"]
[Date "2017.04.16"]
[Round "6"]
[White "Petersen, Frank Gjerning"]
[Black "Moller, Birger Poul"]
[Result "1-0"]
[WhiteElo "1797"]
[BlackElo "1835"]
[PlyCount "59"]
[EventDate "2017.04.11"]

1. e4 e5 2. Nf3 Nc6 3. Bc4 Bc5 4. c3 Nf6 5. d3 d6 6. Bb3 a6 7. h3 Ba7 8. Qe2
Qe7 9. Bg5 h6 10. Bh4 Be6 11. Bc2 O-O-O 12. Nbd2 Kb8 13. Nb3 g5 14. Bg3 Rhe8
15. O-O-O Nd7 16. Nfd2 f5 17. f3 f4 18. Bf2 Bxf2 19. Qxf2 Bf7 20. Bb1 h5 21. d4
Qf6 22. d5 Ne7 23. Nc4 Nf8 24. Bd3 Nfg6 25. Qe2 g4 26. Nca5 gxf3 27. gxf3 Nxd5
28. exd5 Bxd5 29. Bxg6 Bxf3 30. Qxf3 1-0

[Event "G7, gruppe 2"]
[Site "Skorping"]
[Date "2017.04.16"]
[Round "6"]
[White "Johansen, Johnny Holler"]
[Black "Schoning, Lars"]
[Result "0-1"]
[WhiteElo "1880"]
[BlackElo "1862"]
[PlyCount "136"]
[EventDate "2017.04.11"]

1. Nf3 d6 2. c4 Nf6 3. Nc3 e5 4. d3 c6 5. g3 Be7 6. Bg2 O-O 7. O-O Ne8 8. e4
Be6 9. b3 Qc8 10. d4 Bf6 11. dxe5 dxe5 12. Ba3 c5 13. Nd5 Nd7 14. Rc1 Bd8 15.
Bb2 f6 16. Qd2 Nc7 17. Rfd1 Na6 18. Ne1 Nab8 19. f4 Nc6 20. f5 Bxd5 21. Qxd5+
Rf7 22. Qd2 Ba5 23. Qe2 Nd4 24. Bxd4 exd4 25. Nd3 Bc7 26. b4 Be5 27. bxc5 Nxc5
28. Nxc5 Qxc5 29. Rd3 b5 30. Qf2 Rc8 31. Bf1 bxc4 32. Rdd1 Qb4 33. a3 Qa4 34.
Qa2 c3 35. Bd3 Kf8 36. Bc2 Qc6 37. Bd3 Rb7 38. Rb1 Rxb1 39. Rxb1 Qc7 40. Kg2 g6
41. Qd5 Qc6 42. Qxc6 Rxc6 43. Kf3 Bd6 44. a4 Ba3 45. Bc2 d3 46. Bxd3 c2 47.
Bxc2 Rxc2 48. h4 Rc3+ 49. Kg2 Bd6 50. Rb7 Rc7 51. Rb3 Bc5 52. g4 Bb6 53. fxg6
hxg6 54. Rb4 Rc3 55. a5 Bxa5 56. Rb8+ Kg7 57. Rb7+ Rc7 58. Rb5 Rc2+ 59. Kf3
Rc3+ 60. Kg2 Bb6 61. e5 fxe5 62. Rxe5 Bc7 63. Re7+ Kf6 64. Rh7 a5 65. h5 a4 66.
h6 Kg5 67. Rh8 a3 68. h7 Kh6 0-1

[Event "G7, gruppe 2"]
[Site "Skorping"]
[Date "2017.04.16"]
[Round "6"]
[White "Falberg, Hugo"]
[Black "Pedersen, Lars Wisler"]
[Result "1-0"]
[WhiteElo "1848"]
[BlackElo "1873"]
[PlyCount "57"]
[EventDate "2017.04.11"]

1. f4 d5 2. Nf3 g6 3. e3 Bg7 4. Be2 Nf6 5. O-O c5 6. d3 Nc6 7. Qe1 O-O 8. Qh4
Qc7 9. Nc3 a6 10. e4 dxe4 11. dxe4 e5 12. f5 Nd4 13. fxg6 Nxe2+ 14. Nxe2 fxg6
15. Nc3 Bd7 16. Be3 b6 17. Rad1 Bc6 18. Ng5 Rae8 19. Nd5 Bxd5 20. exd5 Nh5 21.
g4 Rxf1+ 22. Rxf1 Nf6 23. Ne6 Rxe6 24. dxe6 Qd6 25. Rxf6 Bxf6 26. Qxf6 Qd1+ 27.
Kf2 Qd6 28. Qf7+ Kh8 29. e7 1-0

[Event "G7, gruppe 2"]
[Site "Skorping"]
[Date "2017.04.16"]
[Round "6"]
[White "Larsen, Henning"]
[Black "Rasmussen, Henning"]
[Result "1/2-1/2"]
[WhiteElo "1934"]
[BlackElo "1784"]
[PlyCount "41"]
[EventDate "2017.04.11"]

1. e4 e6 2. d4 d5 3. e5 c5 4. c3 Nc6 5. Nf3 Qb6 6. Be2 cxd4 7. cxd4 Nge7 8. Na3
Nf5 9. Nc2 Nb4 10. Ne3 Nxe3 11. Bxe3 Bd7 12. a3 Na6 13. O-O Bb5 14. Bxb5+ Qxb5
15. Qd2 Be7 16. Rac1 O-O 17. Rc3 Rac8 18. Rfc1 Qd7 19. Qc2 Rxc3 20. Qxc3 h6 21.
h3 1/2-1/2

[Event "G7, gruppe 2"]
[Site "Skorping"]
[Date "2017.04.16"]
[Round "6"]
[White "Johansen, Kjeld"]
[Black "Rasmussen, Johnny Koust"]
[Result "1/2-1/2"]
[WhiteElo "1757"]
[BlackElo "1867"]
[PlyCount "97"]
[EventDate "2017.04.11"]

1. c4 e5 2. Nc3 g6 3. g3 Bg7 4. Bg2 Nc6 5. e3 d6 6. Nge2 Nge7 7. d4 O-O 8. d5
Nb8 9. e4 f5 10. f4 Nd7 11. O-O exf4 12. Nxf4 Ne5 13. Qe2 fxe4 14. Nxe4 Nf5 15.
Rd1 Qe7 16. h3 Bd7 17. Rb1 Rae8 18. b3 a6 19. a4 Bc8 20. Qc2 b6 21. Ne2 a5 22.
Bg5 Qd7 23. Bf4 h6 24. g4 Ne7 25. Nf2 Kh7 26. Be3 Rf7 27. Nf4 Qd8 28. Be4 Ref8
29. N2d3 Qe8 30. Nxe5 Bxe5 31. Nxg6 Nxg6 32. Bxg6+ Kg7 33. Bxf7 Rxf7 34. Rf1
Rxf1+ 35. Rxf1 h5 36. Bf4 Bd4+ 37. Kh2 hxg4 38. hxg4 Bxg4 39. Kg3 Qh5 40. Qh2
Qxh2+ 41. Kxh2 Kg6 42. Kg3 Bf5 43. Rd1 Bf6 44. Rd2 Kf7 45. Kf3 Ke8 46. Ke3 Kd7
47. Rg2 Bb1 48. Kd2 Be4 49. Re2 1/2-1/2

[Event "G7, gruppe 2"]
[Site "Skorping"]
[Date "2017.04.16"]
[Round "6"]
[White "Jorgensen, Palle Halkier"]
[Black "Gottschalck, Christian"]
[Result "1-0"]
[WhiteElo "1812"]
[BlackElo "1725"]
[PlyCount "89"]
[EventDate "2017.04.11"]

1. e4 e6 2. d4 d5 3. exd5 exd5 4. Nf3 Nf6 5. Bd3 Bg4 6. O-O Be7 7. Nbd2 Nbd7 8.
c3 O-O 9. Qc2 h6 10. b3 c5 11. Bb2 Rc8 12. Rac1 cxd4 13. Nxd4 Ne5 14. Bf5 Bxf5
15. Qxf5 Bd6 16. N2f3 Nxf3+ 17. Qxf3 Re8 18. Rfd1 Qa5 19. Nf5 Be5 20. a3 Rcd8
21. h3 Ne4 22. Nd4 Rd6 23. Qd3 a6 24. Nf3 Bf6 25. Qc2 Qb6 26. Nd4 Rc8 27. Qd3
Nc5 28. Qg3 Re8 29. b4 Ne4 30. Qd3 Be5 31. Rc2 Qd8 32. Re2 Qf6 33. Rc2 Qf4 34.
Nf3 Bf6 35. Bc1 Qf5 36. Nd4 Qd7 37. Bf4 Be5 38. Bxe5 Rxe5 39. Nf3 Re8 40. Nd2
Nf6 41. Nf1 b5 42. Ne3 Rc8 43. c4 bxc4 44. Nxc4 Qb5 45. Nxd6 1-0

[Event "G7, gruppe 2"]
[Site "Skorping"]
[Date "2017.04.17"]
[Round "7"]
[White "Jorgensen, Palle Halkier"]
[Black "Poulsen, Peter Risgaard"]
[Result "1/2-1/2"]
[WhiteElo "1812"]
[BlackElo "1920"]
[PlyCount "46"]
[EventDate "2017.04.11"]

1. e4 d6 2. d4 Nf6 3. Nc3 Nbd7 4. Nf3 e5 5. h3 Be7 6. Bc4 c6 7. dxe5 dxe5 8.
O-O h6 9. a3 Qc7 10. Qe2 Nf8 11. Rd1 g5 12. Nh2 Ng6 13. Kf1 Rg8 14. Ke1 Nf4 15.
Bxf4 gxf4 16. Qf1 b5 17. Bd3 Be6 18. Nf3 Nd7 19. Nd2 Kf8 20. Be2 Qb6 21. Bf3
Rd8 22. Ne2 Bh4 23. Ng1 Be7 1/2-1/2

[Event "G7, gruppe 2"]
[Site "Skorping"]
[Date "2017.04.17"]
[Round "7"]
[White "Falberg, Hugo"]
[Black "Petersen, Frank Gjerning"]
[Result "1-0"]
[WhiteElo "1848"]
[BlackElo "1797"]
[PlyCount "87"]
[EventDate "2017.04.11"]

1. f4 g6 2. Nf3 d5 3. e3 Bg7 4. Be2 Nh6 5. O-O O-O 6. Qe1 Nd7 7. Nc3 Nf6 8. d3
c6 9. h3 Ne8 10. e4 dxe4 11. dxe4 f6 12. Be3 Nf7 13. Rd1 Qc7 14. Qh4 Ned6 15.
g4 e6 16. Rf2 b6 17. Bd3 Ne8 18. Ne2 c5 19. b3 Bb7 20. Nc3 a6 21. Bc4 Qc6 22.
f5 Nc7 23. fxe6 Nxe6 24. Bd5 Qc8 25. Qg3 Ned8 26. Bxb7 Qxb7 27. Nd5 Nc6 28.
Rdf1 Ne7 29. c4 Rad8 30. Kg2 Nd6 31. Nd2 Ne8 32. Nb1 Nc6 33. Nbc3 Ne5 34. Bf4
b5 35. Bxe5 fxe5 36. Rxf8+ Bxf8 37. Qxe5 Bg7 38. Qe6+ Kh8 39. Rf7 Qa8 40. Qe7
bxc4 41. bxc4 Qb8 42. Kf3 Nd6 43. Rxg7 Rf8+ 44. Nf6 1-0

[Event "G7, gruppe 2"]
[Site "Skorping"]
[Date "2017.04.17"]
[Round "7"]
[White "Moller, Birger Poul"]
[Black "Schoning, Lars"]
[Result "1-0"]
[WhiteElo "1835"]
[BlackElo "1862"]
[PlyCount "35"]
[EventDate "2017.04.11"]

1. Nf3 Nf6 2. c4 d6 3. d4 c5 4. Nc3 Nbd7 5. e4 e5 6. dxe5 dxe5 7. Qc2 Be7 8. h3
O-O 9. Be3 Re8 10. O-O-O Qc7 11. Be2 Bf8 12. g4 Nb8 13. Nd5 Nxd5 14. exd5 f6
15. Bd3 g6 16. Bxg6 hxg6 17. Qxg6+ Qg7 18. Qxe8 1-0

[Event "G7, gruppe 2"]
[Site "Skorping"]
[Date "2017.04.17"]
[Round "7"]
[White "Winther, Bjarke Rosenborg"]
[Black "Johansen, Johnny Holler"]
[Result "1/2-1/2"]
[WhiteElo "1768"]
[BlackElo "1880"]
[PlyCount "123"]
[EventDate "2017.04.11"]

1. e4 c5 2. Nf3 Nc6 3. d4 cxd4 4. Nxd4 Nf6 5. Nc3 g6 6. Be3 Bg7 7. f3 d6 8. Qd2
O-O 9. O-O-O Nxd4 10. Bxd4 Be6 11. g4 Qa5 12. h4 Bxa2 13. h5 Be6 14. b3 Rfc8
15. hxg6 hxg6 16. Kb2 a6 17. Ra1 Qc7 18. g5 Nh5 19. Bxg7 Kxg7 20. Qd4+ Kg8 21.
Bh3 Bxh3 22. Rxh3 Qc5 23. Qd2 Qe5 24. Rah1 e6 25. f4 Qc5 26. Na4 Qc6 27. f5 b5
28. fxg6 fxg6 29. Nc3 Ra7 30. R1h2 Qc5 31. Ne2 Rac7 32. c3 b4 33. c4 Qe5+ 34.
Qd4 Qxd4+ 35. Nxd4 Re8 36. Ne2 Rc5 37. Nf4 Rxg5 38. Nxg6 Kg7 39. Nh4 Nf6 40.
Nf3 Rg4 41. e5 dxe5 42. Nxe5 Rg5 43. Nf3 Rf5 44. Nd4 Rf4 45. Nc6 e5 46. Nxb4 e4
47. Kc2 Rf1 48. Re2 Kg6 49. Nxa6 Ra8 50. Nb4 Raa1 51. Kc3 Rf3+ 52. Re3 Rxh3 53.
Rxh3 Kf5 54. Nc2 Rg1 55. Re3 Kf4 56. b4 Rc1 57. Re1 Rxe1 58. Nxe1 Ke5 59. b5
Nd7 60. Nc2 Nc5 61. b6 Na4+ 62. Kd2 1/2-1/2

[Event "G7, gruppe 2"]
[Site "Skorping"]
[Date "2017.04.17"]
[Round "7"]
[White "Rasmussen, Henning"]
[Black "Johansen, Kjeld"]
[Result "0-1"]
[WhiteElo "1784"]
[BlackElo "1757"]
[PlyCount "56"]
[EventDate "2017.04.11"]

1. f4 Nf6 2. Nf3 c5 3. g3 d5 4. Bg2 Nc6 5. O-O e6 6. d3 d4 7. c3 Bd6 8. cxd4
cxd4 9. Nbd2 O-O 10. Nc4 Bc5 11. h3 Nd5 12. a3 b5 13. Nce5 Nce7 14. e4 dxe3 15.
Qe2 Nf5 16. Kh2 f6 17. Nc6 Qb6 18. Nb4 Bb7 19. Nxd5 Bxd5 20. g4 Nd4 21. Nxd4
Bxd4 22. Re1 Bxg2 23. Kxg2 e5 24. Bxe3 exf4 25. Bxf4 Qc6+ 26. Kg3 g5 27. Be3
Rae8 28. Qf2 Be5+ 0-1

[Event "G7, gruppe 2"]
[Site "Skorping"]
[Date "2017.04.17"]
[Round "7"]
[White "Rasmussen, Johnny Koust"]
[Black "Pedersen, Lars Wisler"]
[Result "1/2-1/2"]
[WhiteElo "1867"]
[BlackElo "1873"]
[PlyCount "142"]
[EventDate "2017.04.11"]

1. e4 c5 2. Nc3 Nc6 3. g3 g6 4. Bg2 Bg7 5. f4 e5 6. d3 d6 7. Nf3 Nge7 8. O-O
exf4 9. Bxf4 Nd4 10. Rb1 O-O 11. Ne2 Bg4 12. Nexd4 Bxd4+ 13. Kh1 Qd7 14. Qd2
Bg7 15. Bh6 Bxf3 16. Bxf3 Nc6 17. Bxg7 Kxg7 18. c3 f5 19. exf5 Rxf5 20. Be4
Rxf1+ 21. Rxf1 d5 22. Bg2 d4 23. Qg5 Qe7 24. Qxe7+ Nxe7 25. g4 dxc3 26. bxc3
Rd8 27. Be4 b6 28. a4 Nd5 29. Bxd5 Rxd5 30. Rd1 Rg5 31. Re1 Kf6 32. h3 Re5 33.
Rf1+ Ke6 34. Kg2 Re3 35. Rf3 Re2+ 36. Rf2 Re1 37. Rf1 Rxf1 38. Kxf1 Kd5 39. Ke2
a6 40. Kd2 b5 41. a5 g5 42. Kc2 Ke5 43. Kb3 Kf4 44. c4 b4 45. d4 cxd4 46. c5
Ke5 47. Kxb4 Kd5 48. c6 Kxc6 49. Kc4 d3 50. Kxd3 Kb5 51. Ke4 Kxa5 52. Kf5 h6
53. Kg6 Kb5 54. Kxh6 a5 55. Kxg5 a4 56. Kh6 a3 57. g5 a2 58. g6 a1=Q 59. g7
Qf6+ 60. Kh7 Qf7 61. Kh6 Kc6 62. h4 Kd6 63. h5 Qg8 64. Kg6 Ke6 65. h6 Qf7+ 66.
Kh7 Ke7 67. Kh8 Qf6 68. Kh7 Qf5+ 69. Kh8 Qf6 70. Kh7 Qf7 71. Kh8 Qf6 1/2-1/2

[Event "G7, gruppe 2"]
[Site "Skorping"]
[Date "2017.04.17"]
[Round "7"]
[White "Gottschalck, Christian"]
[Black "Larsen, Henning"]
[Result "1/2-1/2"]
[WhiteElo "1725"]
[BlackElo "1934"]
[PlyCount "41"]
[EventDate "2017.04.11"]

1. e4 e5 2. Nf3 Nc6 3. d4 exd4 4. Bc4 Nf6 5. O-O Nxe4 6. Re1 d5 7. Bxd5 Qxd5 8.
Nc3 Qa5 9. Nxe4 Be6 10. Neg5 O-O-O 11. Nxe6 fxe6 12. Rxe6 Bd6 13. Bg5 Rde8 14.
Qe2 Kd7 15. Re1 Qxe1+ 16. Qxe1 Rxe6 17. Qd1 Rhe8 18. g3 h6 19. Bd2 Kc8 20. a3
a6 21. Kf1 1/2-1/2